000
00201 a2200097 4500
001
22908
100
_a
Hartog, J P D
245
_a
Strength of Materials
260
_a
_b
Dover
_c
090
_c
15505
_d
15505
942
_a
NUST-CAE
_c
M
_c
6120
999
_c
257981
_d
257981